Tous les club ayant perdu une finale de Ligue des Champions - Statistiques

Statistiques générales
  • Ce quiz a été pris 305 fois
    78 depuis la dernière actualisation
  • Le résultat moyen est 63 sur 71
Statistiques - réponses
Année Club Pays % Correct
2026 Arsenal Angleterre
100%
2006 Arsenal Angleterre
100%
2024 Borussia Dortmund Allemagne
100%
2013 Borussia Dortmund Allemagne
100%
2025 Inter Milan Italie
100%
2023 Inter Milan Italie
100%
1972 Inter Milan Italie
100%
1967 Inter Milan Italie
100%
2017 Juventus FC Italie
100%
2015 Juventus FC Italie
100%
2003 Juventus FC Italie
100%
1998 Juventus FC Italie
100%
1997 Juventus FC Italie
100%
1983 Juventus FC Italie
100%
1973 Juventus FC Italie
100%
2022 Liverpool FC Angleterre
100%
2018 Liverpool FC Angleterre
100%
2007 Liverpool FC Angleterre
100%
1985 Liverpool FC Angleterre
100%
2021 Manchester City Angleterre
100%
1991 Olympique de Marseille France
100%
2020 Paris Saint-Germain France
100%
2016 Atletico Madrid Espagne
99%
2014 Atletico Madrid Espagne
99%
1974 Atletico Madrid Espagne
99%
2008 Chelsea FC Angleterre
99%
2002 Bayer 04 Leverkusen Allemagne
97%
2011 Manchester United Angleterre
97%
2009 Manchester United Angleterre
97%
2019 Tottenham Hotspur Angleterre
97%
2005 AC Milan Italie
96%
1995 AC Milan Italie
96%
1993 AC Milan Italie
96%
1958 AC Milan Italie
96%
1990 SL Benfica Potugal
96%
1988 SL Benfica Portugal
96%
1968 SL Benfica Pörtugal
96%
1965 SL Benfica Portugal
96%
1963 SL Benfica Portugal
96%
1996 Ajax Amsterdam Pays-Bas
95%
1969 Ajax Amsterdam Pays-Bas
95%
2012 Bayern Munich Allemagne
95%
2010 Bayern Munich Allemagne
95%
1999 Bayern Munich Allemagne
95%
1987 Bayern Munich Allemagnee
95%
1982 Bayern Munich Allemagne
95%
2004 AS Monaco France
92%
1981 Real Madrid Espagne
92%
1964 Real Madrid Espagne
92%
1962 Real Madrid Espagne
92%
1984 AS Rome Italie
91%
1994 FC Barcelone Espagne
91%
1986 FC Barcelone Espagne
91%
1961 FC Barcelone Espagne
91%
1959 Stade de Reims France
85%
1956 Stade de Reims France
85%
2001 Valencia CF Espagne
84%
2000 Valencia CF Espagne
84%
1970 Celtic Football Club Ecosse
77%
1989 Fotbal Club Steaua Bucarest Roumanie
76%
1976 AS Saint-Etienne France
73%
1979 Malmö FF Suède
68%
1966 FK Partizan Belgrade Serbie
66%
1957 ACF Fiorentina Italie
57%
1980 Hambourg SV Allemagne
55%
1978 Club Bruges KV Belgique
54%
1971 Panathinaikos Grèce
46%
1992 UC Sampdoria Italie
39%
1960 Eintracht Francfort Allemagne
38%
1975 Leeds United Angleterre
34%
1977 Borussia Mönchengladbach Allemagne
28%
Aucun quiz correspondant
Distribution des résultats
% des personnes avec chaque résultat
Percentile par nombre de réponses
Votre historique - résultats
Vous n’avez pas pris ce quiz depuis la dernière actualisation